MDQL
is popping MORE tags! Check the
thread
!
Quizzes
Events
Quiz Creation
Community
Videos
Private Events
Remove Ads
Sign In
Join for FREE
Feedback
Dark Mode
Quiz Categories
Sports
Geography
Music
Movies
Television
Just For Fun
Miscellaneous
History
Literature
Language
Science
Gaming
Entertainment
Religion
Holiday
For Kids
Quiz Lab
Recent
Popular Today
Quiz Kudos Today
Editor Picks
Curator Picks
Quizzes by...
Day
Popularity
Type
Ratings
Length
Year
Community
Subscriptions
Recent Discussions
Orange Saloon
Badges
Playlists
Quests
Create
Leaderboards
Showdown
Live 5
Trivia Bingo
Activity
Puzzle Library
Sporcle Events
Private Events
Virtual Trivia
Globe League
Become a Host
Pub Owners
SporcleCon
Opinionation
Our Games
Videos
Blog
Mobile Apps
Partnerships
Remove Ads and Go Orange
Feedback
Religion
Mythology
Religious Music
World Religions
Bible
Christianity
Catholicism
Judaism
Church
Scripture
Islam
Verse
Religion
Mythology
Religious Music
World Religions
Bible
Christianity
Catholicism
Judaism
Church
Scripture
Islam
Verse
Random Quiz
Search Sporcle
×
Editor Pick
Editor Pick
Religion
Bible
Type in answers that appear in a list
Type in answers that appear in a list
Classic
Best Score? Go Orange.
In the Bible or not? Stats
Can you name the phrases found in Bible?
By
SomeCallMeTim
5m
20 Questions
4,757 Plays
4,757 Plays
4,757 Plays
Comments
Comments
Give Quiz Kudos
Give Quiz Kudos
-
- Ratings
hide this ad
More Info
Forced Order
Answers have to be entered in order
Answers have to be entered in order
Wrong Answers
Some wrong answers will appear in red
Some wrong answers will appear in red
Random Order
Randomize order of answers
Randomize order of answers
Replay
Link that replays current quiz
Next Quiz
Link to next quiz in quiz playlist
You Got
0%
They Got
Avg Score
69%
Avg Friend Score
Upgrade to see
Score Distribution
Jump to the score distribution portion of the page
Score
0/20
Timer
05:00
0
Plays Today
Quotation
In the Bible or not?
% Correct
A horse, a horse, my kingdom for a horse!
???
84.8%
I'm here to tell you there's something else: the afterworld. A world of never-
ending happiness; you can always see the sun, day or night.
???
83.2%
Jesus wept.
???
82.9%
The King will reply, 'I tell you the truth, whatever you did for one of the least of these brothers of mine, you did for me.
???
81.9%
God helps those who help themselves.
???
81.4%
At times I think there are no words but these to tell what's true, and there are no truths outside the gates of Eden.
???
80.3%
And now these three remain: faith, hope and love. But the greatest of these is love.
???
79.7%
Love is a temple, love a higher law.
???
77.2%
God moves in mysterious ways.
???
74.8%
Call me Ishmael.
???
72.6%
Quotation
In the Bible or not?
% Correct
Above all, love each other deeply, because love covers over a multitude of sins.
???
68.1%
In the souls of the people the grapes of wrath are filling and growing heavy, growing heavy for the vintage.
???
67.4%
Better is one day in your courts than a thousand elsewhere.
???
65.5%
Better to live on a corner of the roof than share a house with a quarrelsome wife.
???
65.1%
If two men are fighting and the wife of one of them... seizes him by his private parts, you shall cut off her hand. Show her no pity.
???
57.4%
But see, there is joy and revelry, slaughtering of cattle and killing of sheep, eating of meat and drinking of wine! 'Let us eat and drink,' you say, 'for tomorrow we die!'
???
51.9%
A word aptly spoken is like apples of gold in settings of silver.
???
51.4%
His judgement cometh and that right soon.
???
46.9%
See what large letters I use as I write to you with my own hand!
???
46.4%
The path of the righteous man is beset on all sides by the inequities of the selfish and the tyranny of evil men. Blessed is he who, in the name of charity and good will...
???
44.2%
Quiz Playlist
Details
Report
Send in Message
Add To Playlist
More Info:
Identify whether the following quotes are found in the Bible or not ("yes" or "no"). (Quotations actually from the Bible are NIV.)
Classic:
Type in answers that appear in a list
Forced Order:
Answers have to be entered in order
Wrong Answers:
Some wrong answers will appear in red
Random Order:
Randomize order of answers
Quiz Source
Last Updated: Feb 16, 2017
Editor Pick in
Religion
Curator Pick in
Bible
Quiz Scoreboard
CHALLENGE
Sign Up to Join the Scoreboard
Show All
Scores
Hide
Comments
May contain spoilers
Recently Published
Find the 'City' Movie
by crazypaving
Movies
60s
5x2 Blitz: Bands
by SL_Kpop136
Music
30s
Colored Red Africa Blitz
by spor1
Geography
30s
More to Explore
Quiz From the Vault
Featured Blog Post
14 Easter Pick-up Lines to Find Eggs With
hide this ad
You Might Also Like...
Tags
Bible Quiz
found
phrase
Quotation
source
Today's Top Quizzes in Religion
Browse Religion
hide this ad
Today's Top Quizzes in Bible
Browse Bible
Top Contributed Quizzes in Religion
1
Christmas Pick: Judaism
2
Christmas Pick: World Religions
3
Christmas Pick: Islam
4
Longevity in the Bible
5
Artistic Maundy Thursday
6
Mythological Creature Bunker
7
Christmas Pick: Religious Music
8
Christmas Pick: Scripture
9
99 names of Allah
10
5-to-1: Children of Gods
Explore More
Trending Topics
Disney
Crossword
Harry Potter
Marvel
NBA
Anime
Kpop
Soccer
The Office
Country
Pokémon
WWE
Puzzle
Song
NFL
hide this ad
More By:
SomeCallMeTim
Quiz
Plays
Rating
Category
Featured
Created
In the Bible or not?
4,757
4.00
Religion
Sep 13, 2011
Led Zeppelin Riff Mixtape
385
4.29
Music
Jul 27, 2010
NBA Dunks 2010
298
3.25
Sports
May 5, 2010
Beatles: Longest and Shortest Tracks
271
4.33
Music
May 4, 2010
Area Code by US City
169
4.00
Geography
May 3, 2010
Go to Creator's Profile
Score Distribution
Quiz Creator Spotlight
SomeCallMeTim
Follow
Send a Message
Quizzes Created
-
Created Quiz Play Count
-
More By This Creator
Popular Quizzes Today
1
Colored Red Africa Blitz
2
Find the 'City' Movie
3
Find the US States - No Outlines Minefield
4
5x2 Blitz: Bands
5
The Countries of the World
6
Find the US States
7
US States
8
Find the Countries of Europe - No Outlines Minefield
More Religion Quizzes
Blackboard Blitz: Old Testament
Published
Trending Quizzes
Colored Red Europe Blitz I
Colored Red Africa Blitz II
Colored Red Europe Blitz II
Colored Red Africa Blitz III
Colored Red Europe Blitz III
Recently Updated
How Do You Spell That?
pecheneg
Godzilla Movies
pecheneg
Grab Bag: 4-10 Letters
pecheneg
2024 March Madness Bracket
pecheneg
Famous TV Couples
Peacemaker
Champions League XIs: Real Madrid
pecheneg
Largest US Cities 1790-2010
pecheneg
Rides in Walt Disney World
pecheneg
Most Oscar Losses (Acting)
pecheneg
Beyoncé Albums
pecheneg
Trending Topics
Crossword
Marvel
NBA
Kpop
Harry Potter
Disney
Anime
Puzzle
Song
Soccer
Country
The Office
WWE
NFL
Pokémon
Your Account Isn't Verified!
In order to create a playlist on Sporcle, you need to verify the email address you used during registration. Go to your
Sporcle Settings
to finish the process.
Report this User
Report this user for behavior that violates our
Community Guidelines
.
Details:
Send Report
Go to the Sporcle.com Mobile Site →
Comments